<?xml version="1.0" encoding="UTF-8"?>
<record
    xmlns:xsi="http://www.w3.org/2001/XMLSchema-instance"
    xsi:schemaLocation="http://www.loc.gov/MARC21/slim http://www.loc.gov/standards/marcxml/schema/MARC21slim.xsd"
    xmlns="http://www.loc.gov/MARC21/slim">

  <leader>00485nam a2200169   4500</leader>
  <controlfield tag="003">SEACOMEC</controlfield>
  <controlfield tag="005">20251008132109.0</controlfield>
  <controlfield tag="008">240619b        |||||||| |||| 00| 0 eng d</controlfield>
  <datafield tag="020" ind1=" " ind2=" ">
    <subfield code="c">Rs.200.00</subfield>
    <subfield code="a">978-9391505080</subfield>
  </datafield>
  <datafield tag="040" ind1=" " ind2=" ">
    <subfield code="a">SEACOMEC</subfield>
  </datafield>
  <datafield tag="082" ind1=" " ind2=" ">
    <subfield code="a">621.31042</subfield>
    <subfield code="b">B611</subfield>
  </datafield>
  <datafield tag="100" ind1=" " ind2=" ">
    <subfield code="a"> Bimbhra, P.S.</subfield>
  </datafield>
  <datafield tag="245" ind1="1" ind2=" ">
    <subfield code="a">Generalized theory of electrical machines</subfield>
    <subfield code="c">P.S.  Bimbhra</subfield>
  </datafield>
  <datafield tag="260" ind1=" " ind2=" ">
    <subfield code="a"> Delhi </subfield>
    <subfield code="b">Khanna Publishers </subfield>
    <subfield code="c">2007</subfield>
  </datafield>
  <datafield tag="650" ind1=" " ind2=" ">
    <subfield code="a"> Electrical &amp; Electronics Engineering </subfield>
  </datafield>
  <datafield tag="942" ind1=" " ind2=" ">
    <subfield code="c">BOOK</subfield>
  </datafield>
  <datafield tag="952" ind1=" " ind2=" ">
    <subfield code="0">0</subfield>
    <subfield code="1">0</subfield>
    <subfield code="2">ddc</subfield>
    <subfield code="4">0</subfield>
    <subfield code="7">0</subfield>
    <subfield code="a">SEACOMEC</subfield>
    <subfield code="b">SEACOMEC</subfield>
    <subfield code="d">2008-02-27</subfield>
    <subfield code="l">0</subfield>
    <subfield code="o">621.31042 B611</subfield>
    <subfield code="p">10010</subfield>
    <subfield code="r">2024-06-19 11:38:58</subfield>
    <subfield code="w">2024-06-19</subfield>
    <subfield code="y">BOOK</subfield>
  </datafield>
  <datafield tag="952" ind1=" " ind2=" ">
    <subfield code="0">0</subfield>
    <subfield code="1">0</subfield>
    <subfield code="2">ddc</subfield>
    <subfield code="4">0</subfield>
    <subfield code="7">0</subfield>
    <subfield code="a">SEACOMEC</subfield>
    <subfield code="b">SEACOMEC</subfield>
    <subfield code="d">2008-02-27</subfield>
    <subfield code="l">0</subfield>
    <subfield code="o">621.31042 B611</subfield>
    <subfield code="p">10011</subfield>
    <subfield code="r">2024-06-19 11:39:24</subfield>
    <subfield code="t">1</subfield>
    <subfield code="w">2024-06-19</subfield>
    <subfield code="y">BOOK</subfield>
  </datafield>
  <datafield tag="952" ind1=" " ind2=" ">
    <subfield code="0">0</subfield>
    <subfield code="1">0</subfield>
    <subfield code="2">ddc</subfield>
    <subfield code="4">0</subfield>
    <subfield code="7">0</subfield>
    <subfield code="a">SEACOMEC</subfield>
    <subfield code="b">SEACOMEC</subfield>
    <subfield code="d">2008-08-30</subfield>
    <subfield code="l">0</subfield>
    <subfield code="o">621.31042 B611</subfield>
    <subfield code="p">13151</subfield>
    <subfield code="r">2024-06-19 11:40:32</subfield>
    <subfield code="t">2</subfield>
    <subfield code="w">2024-06-19</subfield>
    <subfield code="y">BOOK</subfield>
  </datafield>
  <datafield tag="952" ind1=" " ind2=" ">
    <subfield code="0">0</subfield>
    <subfield code="1">0</subfield>
    <subfield code="2">ddc</subfield>
    <subfield code="4">0</subfield>
    <subfield code="7">0</subfield>
    <subfield code="a">SEACOMEC</subfield>
    <subfield code="b">SEACOMEC</subfield>
    <subfield code="d">2008-08-30</subfield>
    <subfield code="l">0</subfield>
    <subfield code="o">621.31042 B611</subfield>
    <subfield code="p">13152</subfield>
    <subfield code="r">2024-06-19 11:40:32</subfield>
    <subfield code="t">3</subfield>
    <subfield code="w">2024-06-19</subfield>
    <subfield code="y">BOOK</subfield>
  </datafield>
  <datafield tag="952" ind1=" " ind2=" ">
    <subfield code="0">0</subfield>
    <subfield code="1">0</subfield>
    <subfield code="2">ddc</subfield>
    <subfield code="4">0</subfield>
    <subfield code="7">0</subfield>
    <subfield code="a">SEACOMEC</subfield>
    <subfield code="b">SEACOMEC</subfield>
    <subfield code="d">2008-08-30</subfield>
    <subfield code="l">0</subfield>
    <subfield code="o">621.31042 B611</subfield>
    <subfield code="p">13153</subfield>
    <subfield code="r">2024-06-19 11:40:32</subfield>
    <subfield code="t">4</subfield>
    <subfield code="w">2024-06-19</subfield>
    <subfield code="y">BOOK</subfield>
  </datafield>
  <datafield tag="952" ind1=" " ind2=" ">
    <subfield code="0">0</subfield>
    <subfield code="1">0</subfield>
    <subfield code="2">ddc</subfield>
    <subfield code="4">0</subfield>
    <subfield code="7">0</subfield>
    <subfield code="a">SEACOMEC</subfield>
    <subfield code="b">SEACOMEC</subfield>
    <subfield code="d">2008-08-30</subfield>
    <subfield code="l">0</subfield>
    <subfield code="o">621.31042 B611</subfield>
    <subfield code="p">13154</subfield>
    <subfield code="r">2024-06-19 11:40:32</subfield>
    <subfield code="t">5</subfield>
    <subfield code="w">2024-06-19</subfield>
    <subfield code="y">BOOK</subfield>
  </datafield>
  <datafield tag="952" ind1=" " ind2=" ">
    <subfield code="0">0</subfield>
    <subfield code="1">0</subfield>
    <subfield code="2">ddc</subfield>
    <subfield code="4">0</subfield>
    <subfield code="7">0</subfield>
    <subfield code="a">SEACOMEC</subfield>
    <subfield code="b">SEACOMEC</subfield>
    <subfield code="d">2008-08-30</subfield>
    <subfield code="l">0</subfield>
    <subfield code="o">621.31042 B611</subfield>
    <subfield code="p">13155</subfield>
    <subfield code="r">2024-06-19 11:40:32</subfield>
    <subfield code="t">6</subfield>
    <subfield code="w">2024-06-19</subfield>
    <subfield code="y">BOOK</subfield>
  </datafield>
  <datafield tag="952" ind1=" " ind2=" ">
    <subfield code="0">0</subfield>
    <subfield code="1">0</subfield>
    <subfield code="2">ddc</subfield>
    <subfield code="4">0</subfield>
    <subfield code="7">0</subfield>
    <subfield code="a">SEACOMEC</subfield>
    <subfield code="b">SEACOMEC</subfield>
    <subfield code="d">2008-08-30</subfield>
    <subfield code="l">0</subfield>
    <subfield code="o">621.31042 B611</subfield>
    <subfield code="p">13156</subfield>
    <subfield code="r">2024-06-19 11:40:32</subfield>
    <subfield code="t">7</subfield>
    <subfield code="w">2024-06-19</subfield>
    <subfield code="y">BOOK</subfield>
  </datafield>
  <datafield tag="952" ind1=" " ind2=" ">
    <subfield code="0">0</subfield>
    <subfield code="1">0</subfield>
    <subfield code="2">ddc</subfield>
    <subfield code="4">0</subfield>
    <subfield code="7">0</subfield>
    <subfield code="a">SEACOMEC</subfield>
    <subfield code="b">SEACOMEC</subfield>
    <subfield code="d">2008-08-30</subfield>
    <subfield code="l">0</subfield>
    <subfield code="o">621.31042 B611</subfield>
    <subfield code="p">13157</subfield>
    <subfield code="r">2024-06-19 11:40:32</subfield>
    <subfield code="t">8</subfield>
    <subfield code="w">2024-06-19</subfield>
    <subfield code="y">BOOK</subfield>
  </datafield>
  <datafield tag="999" ind1=" " ind2=" ">
    <subfield code="c">1350</subfield>
    <subfield code="d">1350</subfield>
  </datafield>
</record>
